[Event "Landesliga Sued 9899"]
[Site "Bayern"]
[Date "1999.02.07"]
[Round "5.8"]
[White "Achatz, Georg"]
[Black "Trassl, Franz"]
[Result "0-1"]
[WhiteElo "1995"]
[BlackElo "2065"]
[PlyCount "88"]
[EventDate "1998.11.10"]
[EventType "team-tourn"]
[EventRounds "9"]
[EventCountry "GER"]
[SourceTitle "EXT 2020"]
[Source "ChessBase"]
[SourceDate "2019.10.17"]
[SourceVersion "1"]
[SourceVersionDate "2019.10.17"]
[SourceQuality "1"]
[WhiteTeam "Haunstetten TSV"]
[BlackTeam "Krumbach"]
[WhiteTeamCountry "GER"]
[BlackTeamCountry "GER"]

1. d4 g6 2. e4 Bg7 3. Nc3 d6 4. Be3 Nf6 5. Be2 a6 6. a4 0-0 7. h4 h5 8. f3 Nc6 9. g4 e5 10. d5 Nd4 11. g5 Nd7 12. Nh3 Nc5 13. b4 Nd7 14. 0-0 f5 15. gxf6 Nxf6 16. Ng5 Nh7 17. Rf2 Qf6 18. Nxh7 Kxh7 19. Bg5 Qf7 20. Kg2 Bd7 21. Qd2 Bf6 22. Raf1 Bxg5 23. hxg5 Qe7 24. f4 Nxe2 25. Nxe2 exf4 26. Rxf4 Qxg5+ 27. Kh1 Qe7 28. a5 Bb5 29. Rxf8 Rxf8 30. Rxf8 Qxf8 31. Nf4 Bd7 32. Kg2 Qe7 33. Kf3 Bg4+ 34. Ke3 g5 35. Nd3 Qf6 36. c4 h4 37. c5 Bd7 38. cxd6 cxd6 39. Qc1 Bb5 40. Qc7+ Kh6 41. e5 Qf1 42. Qxd6+ Kh5 43. Kd4 Qxd3+ 44. Kc5 Qe3# 0-1

[Event "Landesliga Sued 9697"]
[Site "Bayern"]
[Date "1997.01.12"]
[Round "4"]
[White "Achatz, Georg"]
[Black "Epding, Olaf"]
[Result "0-1"]
[WhiteElo "1950"]
[BlackElo "2115"]
[PlyCount "116"]
[EventDate "1996.10.13"]
[EventType "team-tourn"]
[EventRounds "9"]
[EventCountry "GER"]
[SourceTitle "EXT 2020"]
[Source "ChessBase"]
[SourceDate "2019.10.17"]
[SourceVersion "1"]
[SourceVersionDate "2019.10.17"]
[SourceQuality "1"]
[WhiteTeam "Haunstetten TSV"]
[BlackTeam "Muenchen Siemens"]
[WhiteTeamCountry "GER"]
[BlackTeamCountry "GER"]

1. e4 c5 2. Nf3 Nc6 3. Bb5 Qb6 4. Nc3 g6 5. b3 Bg7 6. Bb2 Nd4 7. Bc4 e6 8. 0-0 Ne7 9. Kh1 0-0 10. a4 a6 11. Ra2 Qd8 12. Nxd4 cxd4 13. Ne2 d5 14. exd5 Nxd5 15. c3 b6 16. cxd4 Bb7 17. Bc3 Qh4 18. f3 Rfd8 19. Qe1 Qh6 20. Rc2 Bf8 21. Kg1 Bd6 22. g3 Qh3 23. Nc1 h5 24. Qf2 Qf5 25. Bd3 Qf6 26. Be4 h4 27. Nd3 Qg5 28. Ne5 Bxe5 29. dxe5 hxg3 30. Qxg3 Qh6 31. Bd4 Nf4 32. Be3 Ne2+ 33. Kf2 Nxg3 34. Bxh6 Bxe4 35. fxe4 Nxf1 36. Kxf1 Rac8 37. Rxc8 Rxc8 38. Be3 b5 39. axb5 axb5 40. Ke2 Rc1 41. Kd3 Kf8 42. b4 Rc4 43. Bc5+ Kg7 44. Ke3 f6 45. exf6+ Kxf6 46. Bd6 e5 47. d3 Rc2 48. h4 Ke6 49. Bc5 Rh2 50. d4 Rh3+ 51. Ke2 exd4 52. Bxd4 Rb3 53. Bg7 Rxb4 54. Kf3 Rc4 55. Kf4 b4 56. Kg5 Rxe4 57. Kxg6 Rxh4 58. Kg5 Rc4 0-1

[Event "Regionalliga SW 9596"]
[Site "Bayern"]
[Date "1996.??.??"]
[Round "?"]
[White "Achatz, Georg"]
[Black "Wesely, Wolfgang"]
[Result "1-0"]
[WhiteElo "1940"]
[BlackElo "1960"]
[PlyCount "57"]
[EventDate "1995.10.??"]
[EventType "team-tourn"]
[EventRounds "9"]
[EventCountry "GER"]
[SourceTitle "EXT 1999"]
[Source "ChessBase"]
[SourceDate "1998.11.16"]
[SourceVersion "1"]
[SourceVersionDate "1998.11.16"]
[SourceQuality "1"]
[WhiteTeam "Haunstetten"]
[BlackTeam "Muenchen RT"]
[WhiteTeamCountry "GER"]
[BlackTeamCountry "GER"]

1. e4 e6 2. c4 d5 3. exd5 exd5 4. d4 Nf6 5. Nf3 Bb4+ 6. Bd2 Bxd2+ 7. Nbxd2 0-0 8. Be2 dxc4 9. Nxc4 Nd5 10. 0-0 Nf4 11. Nce5 Nxe2+ 12. Qxe2 Be6 13. a3 Nd7 14. Rfe1 Nb6 15. Qd2 h6 16. Qf4 Qd5 17. Rac1 c6 18. Ng4 Bxg4 19. Qxg4 Qb3 20. Nh4 Qxb2 21. Nf5 g6 22. Nxh6+ Kg7 23. Nf5+ Kg8 24. h4 Nd5 25. Qg5 Nc3 26. h5 Ne2+ 27. Rxe2 Qxe2 28. hxg6 Qe6 29. Qh6 1-0

[Event "Regionalliga SW 9596"]
[Site "Bayern"]
[Date "1996.??.??"]
[Round "?"]
[White "Pleyer, Felix"]
[Black "Achatz, Georg"]
[Result "1-0"]
[WhiteElo "1975"]
[BlackElo "1940"]
[PlyCount "99"]
[EventDate "1995.10.??"]
[EventType "team-tourn"]
[EventRounds "9"]
[EventCountry "GER"]
[SourceTitle "EXT 1999"]
[Source "ChessBase"]
[SourceDate "1998.11.16"]
[SourceVersion "1"]
[SourceVersionDate "1998.11.16"]
[SourceQuality "1"]
[WhiteTeam "Sonthofen"]
[BlackTeam "Haunstetten"]
[WhiteTeamCountry "GER"]
[BlackTeamCountry "GER"]

1. e4 c5 2. Nf3 Nc6 3. d4 cxd4 4. c3 d5 5. exd5 Qxd5 6. cxd4 e5 7. Nc3 Bb4 8. Bd2 Bxc3 9. Bxc3 exd4 10. Nxd4 Nxd4 11. Qxd4 Qxd4 12. Bxd4 Nf6 13. Be2 Be6 14. 0-0 0-0 15. Rfd1 Rac8 16. b3 b6 17. Rac1 Nd5 18. g3 Rxc1 19. Rxc1 Rc8 20. Rxc8+ Bxc8 21. a3 f6 22. Kf1 Kf7 23. Ke1 Ke6 24. Kd2 Bb7 25. h4 g6 26. Bc4 Bc6 27. a4 Kf5 28. Ba6 Ke4 29. Bb2 Kf3 30. Ke1 Nb4 31. Be2+ Kg2 32. Bf1+ Kf3 33. Be2+ Kg2 34. Bf1+ Kg1 35. Bxf6 Bd5 36. Bc4 Bxc4 37. bxc4 Kg2 38. Ke2 Nc6 39. Bc3 a6 40. Ke3 Kf1 41. f4 Kg2 42. g4 Kg3 43. f5 Kxg4 44. f6 Nd8 45. Ke4 Kxh4 46. a5 bxa5 47. c5 Kg5 48. c6 h5 49. c7 Nf7 50. Kd5 1-0